000 00785nam a2200241 4500
003 OSt
005 20240724075304.0
006 a
008 240724b |||||||| |||| 00| 0 eng d
020 _a9780071267878
040 _aDWCL-Main lib.
_cOC
082 _aCirc. 332.1068 R767b 2010
100 _aRose, Peter S
245 _aBank management & financial services /
260 _aBoston :
_bMcGraw-Hill,
_cc2010.
300 _axxvii,
_b734 p. : ill. ;
_c26 cm.
504 _aIncludes bibliographical references & index.
650 _a1. Financial Institutions - United States.
650 _a2. Bank Management - United States.
650 _a3. Financial Services Industry - United States.
650 _a4. Banks and banking, International.
942 _2ddc
_n0
_cBK-CIRC
_kCirc.
999 _c2679
_d2679